000 00311nam a22001337a 4500
008 180209b xxu||||| |||| 00| 0 eng d
020 _a588281001
041 _aeng
080 _a338
100 _a54
101 _aMNG
245 _aManagement/ Competencies and Incompetencies
_cAnthony, W.P
942 _2udc
_cBK
999 _c42260
_d42260